Statistics for Guess The Warped Logo

Click here to take the quiz!

General Stats

  • This quiz has been taken 82 times
  • The average score is 6 of 10

Answer Stats

Answer% Correct
Fanta
95%
Starbucks
90%
Subway
89%
KFC
86%
Dunkin Donuts
83%
Taco Bell
82%
Spotify
81%
Ikea
80%
Shell
78%
Pringles
73%
Google
72%
Jetpunk
72%
Domino's
70%
Burger King
69%
Lego
68%
Mercedes
62%
Mastercard
56%
Netflix
53%
Lays
41%
Mcdonalds
31%
Facebook
30%
Nike
29%
Lipton
28%
Oreo
22%

Score Distribution

Percentile by Number Answered

Percent of People with Each Score

Your Score History

You have not taken this quiz